000 00265nam a22001097a 4500
999 _c167739
_d167739
082 _a
_b
100 _aLovely Tissa
245 _aMoolyapaarikalpana aur aadhunik hindi natak/
_cby Lovely Tissa.
260 _aMathura:
_bJawahar,
_c2008.
650 _a
942 _cBK